Trendy informačného manažmentu 2011 recenzovaný zborník vedeckých statí

Bibliographic Details
Corporate Author: Týždeň vedy a techniky na Slovensku (Author)
Format: Conference Proceeding Software eBook
Language:Slovak
English
PhysicalDescription:1 elektronický optický disk (CD-ROM) fareb. 12 cm
Published: Bratislava Ekonóm 2012
ISBN:9788022533522 (elektronická kniha)
Subjects:

MARC

LEADER 00000nam a2200000 a 4500
001 vtls010465851
003 SK-MaSNL
005 20260301214346.0
007 co cg muuua
008 121105s2012 xo fs 100 0 slo
015 |a SNBS2014 
020 |a 9788022533522 (elektronická kniha) 
040 |a SNK  |b slo  |c SNK  |e AACR2 
041 0 |a slo  |a eng 
044 |a xo  |c SK 
072 7 |a 005  |x Manažment. Riadenie  |2 konspekt 
072 7 |a 004  |x Počítačová veda. Výpočtová technika. Informačné technológie  |2 konspekt 
080 |a 005:[007+004]  |2 2001 
080 |a 007+004  |2 2001 
080 |a 004  |2 2001 
080 |a (062.534)  |2 2001 
080 |a (0.034.44)  |2 2001 
245 0 0 |a Trendy informačného manažmentu 2011  |h elektronický zdroj  |b recenzovaný zborník vedeckých statí 
260 |a Bratislava  |b Ekonóm  |c 2012 
300 |a 1 elektronický optický disk (CD-ROM)  |b fareb.  |c 12 cm 
500 |a Názov z titulnej obrazovky 
504 |a Bibliogr. odkazy 
516 |a Textový dokument (zborník), súbory vo formáte pdf, html, jpg 
538 |a Technické požiadavky: PDF prehliadač, internetový prehliadač, prehliadač obrázkov 
546 |a Text čiast. aj angl. 
650 0 7 |a informačný manažment  |2 SNKPH  |9 4990 
650 0 7 |a informačné systémy  |2 SNKPH  |9 1128 
650 0 7 |a informačné technológie  |2 SNKPH  |9 1527 
650 0 7 |a Information management  |2 SNKPHeng  |9 325177 
650 0 7 |a Information systems  |2 SNKPHeng  |9 100187 
650 0 7 |a Information technology  |2 SNKPHeng  |9 266458 
655 7 |a elektronické zdroje  |2 SNKPH  |9 90954 
655 7 |a CD-ROM  |2 SNKPH  |9 70236 
655 7 |a zborníky konferencií  |2 SNKPH  |9 70153 
655 7 |a Proceedings of conferences  |2 SNKPHeng  |9 265791 
655 7 |a Electronic resources  |2 SNKPHeng  |9 175546 
710 2 |a Ekonomická univerzita v Bratislave.  |b Fakulta podnikového manažmentu  |4 pbl  |9 173678 
711 2 |a Týždeň vedy a techniky na Slovensku  |d (2011 :  |c Bratislava, Slovensko)  |4 aut  |9 602644 
919 |a 978-80-225-3352-2 
958 |a NB 
999 |c 924513  |d 926443 
952 |a SNK  |b SNK  |y PREZ  |7 0  |p 17A1055836  |o snkSCDM 5144  |i snk2012/22367  |8 0  |0 0  |1 0  |4 0  |d 2012-11-05  |l 0  |r 2026-02-24 08:28:08  |w 2026-02-24 
952 |t snkTRE 005:007  |a SNKMST  |b SNKMST  |y PREZ  |7 0  |p 17A1055835  |o snkSCDM 5144 D1  |i snk2012/22368  |8 0  |0 0  |1 0  |4 0  |d 2012-11-05  |l 0  |r 2025-08-11 00:00:00  |w 2026-02-24